| 000 | 00614nam a22002057a 4500 | ||
|---|---|---|---|
| 999 |
_c177292 _d177292 |
||
| 005 | 20210217162724.0 | ||
| 010 | _aB-736913 | ||
| 020 | _a8872140315 | ||
| 035 | _aB-736913 | ||
| 037 | _bGift/Eng/03-02-2021 | ||
| 082 | _a250 | ||
| 100 | _aFozdar, Jamshed K | ||
| 245 |
_aThe God of Buddha / _cby Jamshed K Fozdar |
||
| 246 | _b | ||
| 260 |
_bCasa Editrice _c1979 _aItaly |
||
| 300 |
_axii, 184p. _c23cm(pbk) |
||
| 500 | _aincludes glossary, bibliographical description and index | ||
| 942 |
_2ddc _cEN _h250 _mFOZ |
||